000 00365nam a2200133Ia 4500
008 240624s9999 xx 000 0 und d
041 _aeng
082 _a650.1 ROC
100 _aROCHE JOYCE M
245 _aEMPRESS HAS NO CLOTHES CONQUERING SELF D
260 _c2013
_aSan Francisco
_bBerrett-Koehler Publishers
300 _axviii, 204 p.; 21 cm.
365 _c
_b38
999 _c29038
_d29038